000 00331nam a2200133Ia 4500
008 150201s2014 xx 000 0 und d
082 _a628.114
_bRAG
100 _aRaghunath,H.M
245 _aGround water
250 _a3rd Ed.
260 _bNew Age International Publication
_aNew Delhi
_c2014
300 _a504p.
942 _2ddc
_cBK
999 _c5794
_d5794